<?xml version="1.0" encoding="UTF-8"?>
<collection xmlns="http://www.loc.gov/MARC21/slim">
  <record>
    <leader>00000nam  2200000   4500</leader>
    <controlfield tag="001">INLIS000000000016737</controlfield>
    <controlfield tag="005">20240126095811</controlfield>
    <datafield tag="035" ind1="#" ind2="#">
      <subfield code="a">0010-0124000054</subfield>
    </datafield>
    <datafield tag="245" ind1="1" ind2="#">
      <subfield code="a">Pembuatan Sistem Integrasi Arsip Berbasis Online SiaBil Pada Balai Monitoring Spektrum Frekuensi Radio Kelas II Manado /</subfield>
      <subfield code="c">Sonya Sylvia Sumilat</subfield>
    </datafield>
    <datafield tag="100" ind1=" " ind2="#">
      <subfield code="a">Sonya Sylvia Sumilat</subfield>
    </datafield>
    <datafield tag="300" ind1="#" ind2="#">
      <subfield code="a">100 halaman ;</subfield>
      <subfield code="c">30 cm</subfield>
    </datafield>
    <datafield tag="856" ind1="#" ind2="#">
      <subfield code="a">Perpustakaan LAN Pusat</subfield>
    </datafield>
    <datafield tag="260" ind1="#" ind2="#">
      <subfield code="a">Jakarta,</subfield>
      <subfield code="c">2022</subfield>
    </datafield>
    <datafield tag="084" ind1="#" ind2="#">
      <subfield code="a">R 021 PIM IV 2022</subfield>
    </datafield>
    <datafield tag="650" ind1="#" ind2="4">
      <subfield code="a">Arsip</subfield>
    </datafield>
    <datafield tag="520" ind1="#" ind2="#">
      <subfield code="a">Pada periode 5 tahun ke 2 pemerintahan Presiden Jokowidodo, akselerasi percepatan transfaormasi digital diarahkan untuk dilakukan secara masif. Kementerian Komunikasi dan Informatika mendorong perbaikan peningkatan kinerja dan layanan melalui pembangunan dan pengembangan inovasi berbasis aplikasi seiring dengan pembangunan Sistem Pemerintahan Berbasis Elektronik. &#13;
Balai Monitor Spektrum Frekuensi Radio Kelas II Manado sebagai Unit Pelaksana Teknis Ditjen SDPII berkomitmen untuk menyelenggarakan pelayanan publik yang akuntabel, profesional, berinteritas dan kreatid. Digitalisasi kegiatan kearsipan merupakan inovasi yang baru pembuatannya yang diharapkan dapat meningkatkan efisiensi dan efektifitas kinerja. Pembuatan Sistem Integrasi Arsip Berbasis Online diharapkan menjadi sistem yang mengintegritasikan soft system dengan hard system pada kearsipan untuk memudahkan penemuan kembali arsip</subfield>
    </datafield>
    <datafield tag="990" ind1="#" ind2="#">
      <subfield code="a">23.11.021</subfield>
    </datafield>
  </record>
</collection>
